Introduction to statistical theory Part-1 (Record no. 545150)
[ view plain ]
| 000 -LEADER | |
|---|---|
| fixed length control field | 00439nam a22001457a 4500 |
| 082 ## - DEWEY DECIMAL CLASSIFICATION NUMBER | |
| Classification number | 519.5 |
| Author Mark | CHA |
| -- | L-4,P-29 |
| 100 ## - MAIN ENTRY--PERSONAL NAME | |
| Personal name | Chaudhry, Sher Muhammad |
| 9 (RLIN) | 37676 |
| 245 ## - TITLE STATEMENT | |
| Title | Introduction to statistical theory Part-1 |
| Statement of responsibility, etc. | Sher Muhammad Chaudhry. |
| 260 ## - PUBLICATION, DISTRIBUTION, ETC. | |
| Place of publication, distribution, etc. | Lahore.: |
| Name of publisher, distributor, etc. | Ilmi Kitanb Khana. |
| Date of publication, distribution, etc. | 1991 |
| 300 ## - PHYSICAL DESCRIPTION | |
| Extent | xvi,574 p.: |
| Dimensions | 24.cm. |
| 500 ## - GENERAL NOTE | |
| General note | Part 1,Part 2 |
| 526 ## - STUDY PROGRAM INFORMATION NOTE | |
| Program name | 0 |
| Interest level | 0 |
| Reading level | 0 |
| Title point value | 519_500000000000000_CHA |
| 650 ## - SUBJECT ADDED ENTRY--TOPICAL TERM | |
| Topical term or geographic name entry element | MCE |
| 9 (RLIN) | 379 |
| 942 ## - ADDED ENTRY ELEMENTS (KOHA) | |
| Source of classification or shelving scheme | |
| Koha item type | Book |
| Withdrawn status | Lost status | Source of classification or shelving scheme | Damaged status | Not for loan | Permanent Location | Current Location | Date acquired | Total Checkouts | Total Renewals | Full call number | Barcode | Date last seen | Date last checked out | Price effective from | Koha item type |
|---|---|---|---|---|---|---|---|---|---|---|---|---|---|---|---|
| Military College of Engineering (MCE) | Military College of Engineering (MCE) | 05/19/2014 | 11 | 5 | 519.5 CHA | MCE-25763 | 08/17/2020 | 02/24/2020 | 05/19/2014 | Book |
